000 nam a22 7a 4500
999 _c7304
_d7304
008 170807b xxu||||| |||| 00| 0 eng d
100 _93842
_aDhawan Alka
245 _aCase Studies Mentor in Business Studies Class XII
260 _aNew Delhi
_bArya Publication